Marketing in 21st Century : Challenges & Opportunities (Record no. 478268)

MARC details
000 -LEADER
fixed length control field 00590nam a2200193Ia 4500
008 - FIXED-LENGTH DATA ELEMENTS--GENERAL INFORMATION
fixed length control field 100315s9999 xx 000 0 und d
040 ## - CATALOGING SOURCE
Transcribing agency ENGLISH 
082 ## - DEWEY DECIMAL CLASSIFICATION NUMBER
Item number 3533 
100 ## - MAIN ENTRY--PERSONAL NAME
Personal name "Anitha, H.S. "
245 ## - TITLE STATEMENT
Title Marketing in 21st Century : Challenges & Opportunities
260 ## - PUBLICATION, DISTRIBUTION, ETC. (IMPRINT)
Place of publication, distribution, etc Jaypur 
Name of publisher, distributor, etc Mangal Dep  
Date of publication, distribution, etc 1999 
300 ## - PHYSICAL DESCRIPTION
Extent 324 
365 ## - TRADE PRICE
Price note Rupees 
Unit of pricing
Price amount 525.00 
366 ## - TRADE AVAILABILITY INFORMATION
Publishers' discount category
505 ## - FORMATTED CONTENTS NOTE
Miscellaneous information vaibhav gaikwad 
630 ## - SUBJECT ADDED ENTRY--UNIFORM TITLE
Uniform title Marketing in 21st Century : Challenges & Opportunities
730 ## - ADDED ENTRY--UNIFORM TITLE
Uniform title Marketing in 21st Century : Challenges & Opportunities
942 ## - ADDED ENTRY ELEMENTS (KOHA)
Koha item type Book
Holdings
Withdrawn status Lost status Damaged status Not for loan Home library Current library Date acquired Cost, normal purchase price Total Checkouts Full call number Barcode Date last seen Price effective from Koha item type
        Dr. V. N. Bedekar Institute of Management Studies Library Dr. V. N. Bedekar Institute of Management Studies Library 12/10/2009 525.00    /ANI  3533  VPMBRIMS-3533  03/19/2010 03/19/2010 Book